000 00383nam a22001697a 4500
005 20160530100443.0
008 160530b xxu||||| |||| 00| 0 eng d
020 _a0-07-059811-8
041 _aeng
082 _b5934
100 _aBosworth, Michale L.T.
_91482
245 _aCustomer Centric Selling
260 _bTMH
300 _a250
650 _aManagement
_9241
942 _cBK
999 _c2099
_d2098